Infrared and Raman spectroscopy. Part B (Record no. 26563)
[ view plain ]
| 000 -LEADER | |
|---|---|
| fixed length control field | 00366nam a2200133Ia 4500 |
| 082 ## - DEWEY DECIMAL CLASSIFICATION NUMBER | |
| Classification number | 535.243:535-1 |
| Item number | BRA |
| 100 ## - MAIN ENTRY--AUTHOR NAME | |
| Personal name | Brame, Edward G |
| 245 #0 - TITLE STATEMENT | |
| Title | Infrared and Raman spectroscopy. Part B |
| 260 ## - PUBLICATION, DISTRIBUTION, ETC. (IMPRINT) | |
| Place of publication | New York |
| Name of publisher | Dekker |
| Year of publication | 1977 |
| 650 ## - SUBJECT ADDED ENTRY--TOPICAL TERM | |
| Topical Term | infrared spectroscopy |
| 700 ## - ADDED ENTRY--PERSONAL NAME | |
| Personal name | Grasselli, Jeanette G |
| 942 ## - ADDED ENTRY ELEMENTS (KOHA) | |
| Koha item type | Books |
| Withdrawn status | Lost status | Damaged status | Not for loan | Home library | Current library | Date acquired | Cost, normal purchase price | Full call number | Accession Number | Koha item type |
|---|---|---|---|---|---|---|---|---|---|---|
| RRII Library | RRII Library | 16/12/2021 | 37.50 | 535.243:535-1 BRA | 07196 | Books |